Największe państwa świata w historii #2 - Statystyki

Ogólne statystyki
  • Ten quiz został rozwiązany 15 razy
  • Średni wynik to 6 z 25
Statystyki odpowiedzi
Powierzchnia
(mln km²)
Państwo % Poprawnych
1,15 Polska-Litwa
88%
2,8 Argentyna
50%
2,3 Demokratyczna Republika Konga
38%
2,7 Egipt
38%
2,7 Kazachstan
38%
2,3 Algieria
25%
1,4 Irak
25%
2,5 Kolumbia
25%
1,78 Libia
25%
1,4 Mali
25%
3,5 Peru-Boliwia
25%
2 Republika Południowej Afryki
25%
2,5 Sudan
25%
1,25 Angola
13%
2,5 Belgia
13%
1,28 Czad
13%
3,0 Dania
13%
1,18 Egipt-Syria
13%
1,3 Etiopia
13%
3,7 Holandia
13%
2,7 Indonezja
13%
2,0 Maroko
13%
1,26 Niger
13%
3,6 Armenia
0%
0,8 Bułgaria
0%
Nie znaleziono quizów pasujących do podanych kryteriów
Rozkład punktacji
Procent ludzi z każdym wynikiem
Percentyl według liczby udzielonych odpowiedzi
Twoja historia wyników
Nie rozwiązałeś tego quizu